Byť užitočným, byť milovaným.. 1. československý kongres experimentálnej gerontológie - významným medzníkom

Podrobná bibliografia
Hlavný autor: Gregorová, Viola (Autor)
Médium: Článok
Jazyk:slovenčina
Fyzický popis:Obr. 3.
Predmet:

MARC

LEADER 00000nab a2200000 a 4500
001 vtls000163924
003 SK-MaSNL
005 20260302202935.0
008 220422c1983 xo 0 slo
015 |a SNBRB19rr/mm-uuuuu 
035 |a CL0174035 
040 |a SNKBUCL  |b slo  |c SNKBUCL  |e AACR2 
041 0 |a slo 
044 |a xo  |c SK 
080 |a 612.67  |2 1981 
080 |a 616-053.9  |2 1981 
100 1 |a Gregorová, Viola  |4 aut  |9 922127 
245 1 0 |a Byť užitočným, byť milovaným..  |b 1. československý kongres experimentálnej gerontológie - významným medzníkom  |c Viola Gregorová 
300 |b Obr. 3. 
650 0 7 |a gerontológia  |2 snkbucl  |9 1121 
650 0 7 |a geriatria  |2 snkbucl  |9 903 
651 7 |a 5211  |2 snkbucl  |9 283191 
655 7 |a články z novín a časopisov  |2 snkbucl  |9 267496 
773 0 |t Ľud  |g Roč. 36, č. 260 (3. 11. 1983), s. 4 
850 |a Slovenská národná knižnica v Martine  |a MTA001 
852 |a SNK  |b KIS3GCP 
958 |a RK 
958 |a ME 
992 |a RBX 
999 |c 1467029  |d 1468959